Many Shadows : (Record no. 95301)

MARC details
000 -LEADER
fixed length control field 00647nam a22001937a 4500
005 - DATE AND TIME OF LATEST TRANSACTION
control field 20230712121046.0
010 ## - LCCN (DPL NO)
LC control number ENG-113715 ENG-137368
020 ## - INTERNATIONAL STANDARD BOOK NUMBER
International Standard Book Number 9788170546870
Terms of availability 300.00
035 ## - SYSTEM CONTROL NUMBER
System control number EN- 97247 EN-120900
037 ## - SOURCE OF ACQUISITION
Source of stock number/acquisition DBAD/PUB
082 ## - DEWEY DECIMAL CLASSIFICATION NUMBER
Classification number 882
100 ## - MAIN ENTRY--PERSONAL NAME
Personal name Mishra, Rama Chandra
245 ## - TITLE STATEMENT
Title Many Shadows :
Statement of responsibility, etc by Rama Chandra Mishra ; translated into English by Rajanikanta Mishra
Remainder of title Unending Darkness /
260 ## - PUBLICATION, DISTRIBUTION, ETC. (IMPRINT)
Place of publication, distribution, etc New Delhi
Name of publisher, distributor, etc Classical Publishing
Date of publication, distribution, etc 2015
270 ## - ADDRESS
Address 28, Shopping Centre, Karampura
City New Delhi
Postal code 110015
300 ## - PHYSICAL DESCRIPTION
Extent 78p.
Dimensions 22cm(Hb)
700 ## - ADDED ENTRY--PERSONAL NAME
Personal name Mishra, Rajanikanta
942 ## - ADDED ENTRY ELEMENTS (KOHA)
Source of classification or shelving scheme Dewey Decimal Classification
Item type English Books
Call number suffix MIS
Classification part 882
Holdings
Withdrawn status Lost status Not for loan Collection code Home library Current library Date acquired Source of acquisition Cost, normal purchase price Full call number Barcode Copy number Cost, replacement price Koha item type
    Not For Loan Non-fiction D.B.Act.Division D.B.Act.Division 28/07/2015 DBAD/PUB 300.00 882 MIS EN-97247 1 300.00 English Books
      Non-fiction Narela Narela 12/07/2023 DBAD/PUB 300.00 882 MIS EN-120900 1 300.00 English Books

© Delhi Public Library
Hit Counter
free hit counter